00423 2200169 4500001002100000008004100021035002000062245004400082100002000126250000600146260004200152300001200194084001400206082000800220650001300228990001200241INLIS000000000000763 ind  a0010-0424000739 aOSN Fisika SMA MekanikacDavit Sipayung aSipayung, Davit a1 aJakarta :bBina Prestasi Insanic2018 a499 hlm a530 DAV f a530 aNonfiksi a0739654